| 000 | 00711cab a2200217 4500 | ||
|---|---|---|---|
| 001 | WB2743-27 | ||
| 008 | 090401t1991 xxu||||| |||| 00| 0 eng d | ||
| 035 | _a(Sirsi) u34134 | ||
| 041 | _aeng | ||
| 245 | _aConsultation on preparation of development plans | ||
| 260 | _c1991 | ||
| 350 | _a0 | ||
| 490 |
_aDaily Telegraph _v6 November 1991, 6(1) |
||
| 520 | _aThe RICS and other groups are standing together to oppose Government plans to abolish statutory consultation of local people at the early stage of preparing development plans. | ||
| 650 | _aCONSULTATION PROCESS | ||
| 650 | _aDEVELOPMENT PLANS | ||
| 650 | _aRICS | ||
| 690 | _aPLANNING LAW AND PRACTICE | ||
| 942 | _n0 | ||
| 948 | _c04/03/1997 | ||
| 999 |
_c22650 _d22650 |
||